00859nam a2200253Ia 4500003000400000005001700004008004100021020002200062040000700084041000800091082001300099100003300112245006600145260004400211300001600255365001300271440003000284650003200314650002000346906007400366942001200440999001900452952013400471OSt20230518151839.0210423s2016 xx 000 0 und d a978-1-107-14519-1 cAL aeng a531 JAIM aJAIN (Sudhir Ranjan)9108672 aMechanics waves and thermodynamics: an example based approach aDelhibCambridge University Pressc2016 axvi,210bHB b595cINR aCambridge series9108673 aClassical Mechanics9108674 aPhysics9108675 aan ; approach ; based ; example ; Mechanics ; thermodynamics: ; waves 2ddccBK c167793d167793 001040708PHYaSACPGbSACPGd2016-09-21eBiblios Book Pointg595.00l0o531 JAIMpPG014295r2021-04-26 00:00:00w2021-04-26yBK